Основы современного китайского языка

Podrobná bibliografie
Další autoři: Ху Чучен (редактор)
Shrnutí:Книга на китайском языке.
Jazyk:čínština
Vydáno: Пекин, Изд-во Пекинского ун-та, 2006
Témata:
Médium: MixedMaterials Kniha
KOHA link:https://koha.lib.tpu.ru/cgi-bin/koha/opac-detail.pl?biblionumber=118333

MARC

LEADER 00000nam0a2200000 4500
001 118333
005 20231031124107.0
010 |a 7301102321 
035 |a (RuTPU)RU\TPU\book\128051 
090 |a 118333 
100 |a 20070609d2006 m y0rusy50 ca 
101 0 |a chi 
102 |a CN 
105 |a y z 000zy 
200 1 |a Основы современного китайского языка  |f под ред. Ху Чучен 
210 |a Пекин  |c Изд-во Пекинского ун-та  |d 2006 
215 |a 140 с. 
300 |a Книга на китайском языке. 
610 1 |a китайский язык 
610 1 |a лексика 
610 1 |a грамматика 
610 1 |a фонетика 
610 1 |a устная речь 
610 1 |a теория 
686 |a Ш171.11  |v LBC/SL-A  |2 rubbk 
702 1 |a Ху Чучен  |4 340 
801 1 |a RU  |b 63413507  |c 20070609  |g PSBO 
801 2 |a RU  |b 63413507  |c 20070705  |g PSBO 
942 |c BK